| 000 | 00670nam a22001937a 4500 | ||
|---|---|---|---|
| 005 | 20140616130139.0 | ||
| 010 | _aB-505337-340 | ||
| 020 |
_a9789350530696 _c900.00 |
||
| 035 | _aB-505337-340 | ||
| 037 |
_adpl _bK.K.Pub/Ven |
||
| 082 | _a109.22 | ||
| 100 | _aAbraham, Sam | ||
| 245 |
_aBiography of World Great Philosophers/ _cby Sam Abraham |
||
| 260 |
_aNew Delhi _bCyber Tech Publications _c2013 |
||
| 270 |
_a4264/3, Ansari Road, Darya Ganj _bNew Delhi _e110002 (India) |
||
| 300 |
_a264p. _c20cm(Hb) |
||
| 942 |
_2ddc _cEN _h109.22 _mABR |
||
| 999 |
_c85153 _d85153 |
||